Statistics for Главни градови Африке

Click here to take the quiz!

General Stats

  • This quiz has been taken 1 740 times
  • The average score is 30 of 57

Answer Stats

ДржаваГлавни град% Correct
АлжирАлжир
96%
ЕгипатКаиро
86%
АнголаЛуанда
72%
МарокоРабат
71%
ЕтиопијаАдис Абеба
69%
ЛибијаТриполи
69%
ТунисТунис
68%
КенијаНајроби
66%
Јужноафричка
Република (извршни)
Преторија
66%
МадагаскарАнтананариво
63%
Јужноафричка
Република (законодавни)
Кејптаун
62%
ГанаАкра
62%
Гвинеја БисаоБисао
62%
Конго (Дем. Реп.)Киншаса
60%
Бенин (званично)Порто Ново
60%
ЗамбијаЛусака
59%
ЕритрејаАсмара
58%
КомориМорони
58%
ЗимбабвеХараре
57%
Сао Томе и ПринсипеСао Томе
55%
Конго (Реп.)Бразавил
54%
Јужни СуданЏуба
53%
СенегалДакар
53%
ЏибутиЏибути
53%
БоцванаГабороне
52%
ЛесотоМасеру
52%
ЧадНџамена
51%
Буркина ФасоУагадугу
51%
ЕсватиниМбабане
50%
НигеријаАбуџа
49%
МалиБамако
49%
СуданКартум
48%
СејшелиВикторија
48%
ЛиберијаМонровија
47%
Зеленортска острваПраја
46%
СомалијаМогадишу
46%
КамерунЈаунде
46%
БурундиГитега
45%
ГвинејаКонакри
44%
МозамбикМапуто
43%
ГабонЛибревил
43%
ГамбијаБанџул
43%
ТогоЛоме
43%
Сијера ЛеонеФритаун
43%
МалавиЛилонгве
41%
РуандаКигали
41%
Екваторијална ГвинејаМалабо
41%
ТанзанијаДодома
40%
МауританијаНуакшот
40%
МаурицијусПорт Луј
40%
НигерНијамеј
39%
Јужноафричка
Република (судски)
Блумфонтејн
39%
НамибијаВиндхук
39%
УгандаКампала
38%
Централноафричка
Република
Банги
35%
Обала СлоновачеЈамусукро
30%
Бенин (де факто)Котону
23%

Score Distribution

Percentile by Number Answered

Percent of People with Each Score

Your Score History

You have not taken this quiz